| 000 | 01305cam a2200217 4500500 | ||
|---|---|---|---|
| 005 | 20260405000737.0 | ||
| 041 | _afre | ||
| 042 | _adc | ||
| 100 | 1 | 0 |
_aLe Gall, Didier _eauthor |
| 245 | 0 | 0 | _aWays of Living Together Put to the Test in Reconstituted Families |
| 260 | _c2005. | ||
| 500 | _a75 | ||
| 520 | _aWhen two cohabiting partners separate, they face the problem of dividing up the furniture and domestic appliances. However, we do not readily consider that families recombining face a similar problem. Having two of the same thing (two stoves, two sofas, etc.) means making choices. How do the new partners manage this delicate problem, which is not strictly about who gets to keep what but rather the more difficult question of what should be kept. This paper focuses on the decisive moment, the blind spot of family recomposition, when the future is determined as much in terms of the uses of space as of conjugal and family integration. | ||
| 690 | _adomestic space | ||
| 690 | _ahousing | ||
| 690 | _aintimacy | ||
| 690 | _areconstituted family | ||
| 690 | _asetting up house | ||
| 786 | 0 | _nEspaces et sociétés | o 120-121 | 2 | 2005-06-01 | p. 45-60 | 0014-0481 | |
| 856 | 4 | 1 | _uhttps://shs.cairn.info/journal-espaces-et-societes-2005-2-page-45?lang=en&redirect-ssocas=7080 |
| 999 |
_c2040373 _d2040373 |
||